US States by First Letter of State and Capital - Statistics

General Stats
  • This quiz has been taken 69 times
  • The average score is 13 of 15
Answer Stats
Staat und Hauptstadt % Correct
O S Oregon | Salem
100%
H H Hawaii | Honolulu
95%
I B Idaho | Boise
94%
V R Virginia | Richmond
94%
A L Arkansas | Little Rock
92%
R P Rhode Island | Providence
91%
A M Alabama | Montgomery
89%
C D Colorado | Denver
88%
N R North Carolina | Raleigh
86%
S P South Dakota | Pierre
86%
T A Texas | Austin
86%
M B Massachusetts | Boston
84%
M L Michigan | Lansing
84%
N L Nebraska | Lincoln
83%
M H Montana | Helena
77%
No matching quizzes found
Score Distribution
Percent of People with Each Score
Percentile by Number Answered
Your Score History
You have not taken this quiz